<?xml version="1.0" encoding="UTF-8"?>
<record
    xmlns:xsi="http://www.w3.org/2001/XMLSchema-instance"
    xsi:schemaLocation="http://www.loc.gov/MARC21/slim http://www.loc.gov/standards/marcxml/schema/MARC21slim.xsd"
    xmlns="http://www.loc.gov/MARC21/slim">

  <leader>03654nam a22004217a 4500</leader>
  <controlfield tag="005">20100514151648.0</controlfield>
  <datafield tag="010" ind1=" " ind2=" ">
    <subfield code="a">ENG-96072</subfield>
  </datafield>
  <datafield tag="020" ind1=" " ind2=" ">
    <subfield code="a">9788180385872</subfield>
    <subfield code="c">1495.00</subfield>
  </datafield>
  <datafield tag="035" ind1=" " ind2=" ">
    <subfield code="a">EN-79605</subfield>
  </datafield>
  <datafield tag="035" ind1=" " ind2=" ">
    <subfield code="a">B-424434-445</subfield>
  </datafield>
  <datafield tag="037" ind1=" " ind2=" ">
    <subfield code="b">DBAD/PUB</subfield>
  </datafield>
  <datafield tag="037" ind1=" " ind2=" ">
    <subfield code="b">Blueberry Books </subfield>
  </datafield>
  <datafield tag="082" ind1=" " ind2=" ">
    <subfield code="a">343.7</subfield>
  </datafield>
  <datafield tag="100" ind1=" " ind2=" ">
    <subfield code="a">Chaturvedi,K.</subfield>
    <subfield code="9">28656</subfield>
  </datafield>
  <datafield tag="245" ind1=" " ind2=" ">
    <subfield code="a">Companion to Chaturvedi &amp; Pithisaria's Income Tax Law :</subfield>
    <subfield code="c">by K.Chaturvedi [and] S.M.Pithisaria</subfield>
    <subfield code="b">being an exhaustive commentary on Income Tax Law with cases decided by various Income Tax Appellate Tribunals /</subfield>
  </datafield>
  <datafield tag="250" ind1=" " ind2=" ">
    <subfield code="a">5th ed</subfield>
  </datafield>
  <datafield tag="260" ind1=" " ind2=" ">
    <subfield code="a">Gurgaon</subfield>
    <subfield code="b">Lexisnexis Butterworths </subfield>
    <subfield code="c">2010</subfield>
  </datafield>
  <datafield tag="270" ind1=" " ind2=" ">
    <subfield code="a">14th Floor, Building No. 10, Tower-B, DLF Cyber city, Phase-II </subfield>
    <subfield code="b">Gurgaon</subfield>
    <subfield code="e">122002</subfield>
  </datafield>
  <datafield tag="300" ind1=" " ind2=" ">
    <subfield code="a">V.6C(cx,5098)p.</subfield>
    <subfield code="c">25cm (Hb)</subfield>
  </datafield>
  <datafield tag="500" ind1=" " ind2=" ">
    <subfield code="a">Includes index</subfield>
  </datafield>
  <datafield tag="505" ind1=" " ind2=" ">
    <subfield code="a">V.6C Ss. 245N to 298 &amp; allied rules</subfield>
  </datafield>
  <datafield tag="700" ind1=" " ind2=" ">
    <subfield code="a">Pithisaria,S.M.</subfield>
    <subfield code="9">17302</subfield>
  </datafield>
  <datafield tag="942" ind1=" " ind2=" ">
    <subfield code="2">ddc</subfield>
    <subfield code="c">EN</subfield>
    <subfield code="m">CHA</subfield>
    <subfield code="h">343.7</subfield>
  </datafield>
  <datafield tag="999" ind1=" " ind2=" ">
    <subfield code="c">36082</subfield>
    <subfield code="d">36082</subfield>
  </datafield>
  <datafield tag="952" ind1=" " ind2=" ">
    <subfield code="0">0</subfield>
    <subfield code="1">0</subfield>
    <subfield code="2">ddc</subfield>
    <subfield code="4">0</subfield>
    <subfield code="7">1</subfield>
    <subfield code="8">NFIC</subfield>
    <subfield code="a">DBAD</subfield>
    <subfield code="b">DBAD</subfield>
    <subfield code="d">2010-04-05</subfield>
    <subfield code="e">DBAD/PUB</subfield>
    <subfield code="g">1495.00</subfield>
    <subfield code="l">0</subfield>
    <subfield code="o">343.7 CHA</subfield>
    <subfield code="p">EN-79605</subfield>
    <subfield code="r">2010-05-14 00:00:00</subfield>
    <subfield code="t">1</subfield>
    <subfield code="v">1495.00</subfield>
    <subfield code="y">EN</subfield>
  </datafield>
  <datafield tag="952" ind1=" " ind2=" ">
    <subfield code="0">0</subfield>
    <subfield code="1">0</subfield>
    <subfield code="3">V-6C</subfield>
    <subfield code="4">0</subfield>
    <subfield code="7">0</subfield>
    <subfield code="8">NFIC</subfield>
    <subfield code="a">L</subfield>
    <subfield code="b">L</subfield>
    <subfield code="d">2011-06-21</subfield>
    <subfield code="e">Blueberry Books/6310/11.3.11/7/4.3.11/22.3.11</subfield>
    <subfield code="g">1495.00</subfield>
    <subfield code="l">0</subfield>
    <subfield code="o">343.7 CHA</subfield>
    <subfield code="p">B-424434</subfield>
    <subfield code="r">2011-06-21 00:00:00</subfield>
    <subfield code="t">1</subfield>
    <subfield code="v">1495.00</subfield>
    <subfield code="y">EN</subfield>
    <subfield code="z">V-6C</subfield>
  </datafield>
  <datafield tag="952" ind1=" " ind2=" ">
    <subfield code="0">0</subfield>
    <subfield code="1">0</subfield>
    <subfield code="3">V-6C</subfield>
    <subfield code="4">0</subfield>
    <subfield code="7">0</subfield>
    <subfield code="8">NFIC</subfield>
    <subfield code="a">M</subfield>
    <subfield code="b">M</subfield>
    <subfield code="d">2011-06-21</subfield>
    <subfield code="e">Blueberry Books/6310/11.3.11/7/4.3.11/22.3.11</subfield>
    <subfield code="g">1495.00</subfield>
    <subfield code="l">0</subfield>
    <subfield code="o">343.7 CHA</subfield>
    <subfield code="p">B-424435</subfield>
    <subfield code="r">2011-06-21 00:00:00</subfield>
    <subfield code="t">5</subfield>
    <subfield code="v">1495.00</subfield>
    <subfield code="y">EN</subfield>
    <subfield code="z">V-6C</subfield>
  </datafield>
  <datafield tag="952" ind1=" " ind2=" ">
    <subfield code="0">0</subfield>
    <subfield code="1">0</subfield>
    <subfield code="3">V-6C</subfield>
    <subfield code="4">0</subfield>
    <subfield code="7">0</subfield>
    <subfield code="8">NFIC</subfield>
    <subfield code="a">M</subfield>
    <subfield code="b">M</subfield>
    <subfield code="d">2011-06-21</subfield>
    <subfield code="e">Blueberry Books/6310/11.3.11/7/4.3.11/22.3.11</subfield>
    <subfield code="g">1495.00</subfield>
    <subfield code="l">0</subfield>
    <subfield code="o">343.7 CHA</subfield>
    <subfield code="p">B-424436</subfield>
    <subfield code="r">2011-06-21 00:00:00</subfield>
    <subfield code="t">5</subfield>
    <subfield code="v">1495.00</subfield>
    <subfield code="y">EN</subfield>
    <subfield code="z">V-6C</subfield>
  </datafield>
  <datafield tag="952" ind1=" " ind2=" ">
    <subfield code="0">0</subfield>
    <subfield code="1">0</subfield>
    <subfield code="3">V-6C</subfield>
    <subfield code="4">0</subfield>
    <subfield code="7">0</subfield>
    <subfield code="8">NFIC</subfield>
    <subfield code="a">M</subfield>
    <subfield code="b">M</subfield>
    <subfield code="d">2011-06-21</subfield>
    <subfield code="e">Blueberry Books/6310/11.3.11/7/4.3.11/22.3.11</subfield>
    <subfield code="g">1495.00</subfield>
    <subfield code="l">0</subfield>
    <subfield code="o">343.7 CHA</subfield>
    <subfield code="p">B-424437</subfield>
    <subfield code="r">2011-06-21 00:00:00</subfield>
    <subfield code="t">5</subfield>
    <subfield code="v">1495.00</subfield>
    <subfield code="y">EN</subfield>
    <subfield code="z">V-6C</subfield>
  </datafield>
  <datafield tag="952" ind1=" " ind2=" ">
    <subfield code="0">0</subfield>
    <subfield code="1">0</subfield>
    <subfield code="3">V-6C</subfield>
    <subfield code="4">0</subfield>
    <subfield code="7">0</subfield>
    <subfield code="8">NFIC</subfield>
    <subfield code="a">M</subfield>
    <subfield code="b">M</subfield>
    <subfield code="d">2011-06-21</subfield>
    <subfield code="e">Blueberry Books/6310/11.3.11/7/4.3.11/22.3.11</subfield>
    <subfield code="g">1495.00</subfield>
    <subfield code="l">0</subfield>
    <subfield code="o">343.7 CHA</subfield>
    <subfield code="p">B-424438</subfield>
    <subfield code="r">2011-06-21 00:00:00</subfield>
    <subfield code="t">5</subfield>
    <subfield code="v">1495.00</subfield>
    <subfield code="y">EN</subfield>
    <subfield code="z">V-6C</subfield>
  </datafield>
  <datafield tag="952" ind1=" " ind2=" ">
    <subfield code="0">0</subfield>
    <subfield code="1">0</subfield>
    <subfield code="3">V-6C</subfield>
    <subfield code="4">0</subfield>
    <subfield code="7">0</subfield>
    <subfield code="8">NFIC</subfield>
    <subfield code="a">M</subfield>
    <subfield code="b">M</subfield>
    <subfield code="d">2011-06-21</subfield>
    <subfield code="e">Blueberry Books/6310/11.3.11/7/4.3.11/22.3.11</subfield>
    <subfield code="g">1495.00</subfield>
    <subfield code="l">0</subfield>
    <subfield code="o">343.7 CHA</subfield>
    <subfield code="p">B-424439</subfield>
    <subfield code="r">2011-06-21 00:00:00</subfield>
    <subfield code="t">5</subfield>
    <subfield code="v">1495.00</subfield>
    <subfield code="y">EN</subfield>
    <subfield code="z">V-6C</subfield>
  </datafield>
  <datafield tag="952" ind1=" " ind2=" ">
    <subfield code="0">0</subfield>
    <subfield code="1">0</subfield>
    <subfield code="3">V-6C</subfield>
    <subfield code="4">0</subfield>
    <subfield code="7">0</subfield>
    <subfield code="8">NFIC</subfield>
    <subfield code="a">BL1</subfield>
    <subfield code="b">BL1</subfield>
    <subfield code="d">2011-06-21</subfield>
    <subfield code="e">Blueberry Books/6310/11.3.11/7/4.3.11/22.3.11</subfield>
    <subfield code="g">1495.00</subfield>
    <subfield code="l">0</subfield>
    <subfield code="o">343.7 CHA</subfield>
    <subfield code="p">B-424440</subfield>
    <subfield code="r">2011-06-21 00:00:00</subfield>
    <subfield code="t">1</subfield>
    <subfield code="v">1495.00</subfield>
    <subfield code="y">EN</subfield>
    <subfield code="z">V-6C</subfield>
  </datafield>
  <datafield tag="952" ind1=" " ind2=" ">
    <subfield code="0">0</subfield>
    <subfield code="1">0</subfield>
    <subfield code="3">V-6C</subfield>
    <subfield code="4">0</subfield>
    <subfield code="7">0</subfield>
    <subfield code="8">NFIC</subfield>
    <subfield code="a">ZLS</subfield>
    <subfield code="b">ZLS</subfield>
    <subfield code="d">2011-06-21</subfield>
    <subfield code="e">Blueberry Books/6310/11.3.11/7/4.3.11/22.3.11</subfield>
    <subfield code="g">1495.00</subfield>
    <subfield code="l">0</subfield>
    <subfield code="o">343.7 CHA</subfield>
    <subfield code="p">B-424441</subfield>
    <subfield code="r">2011-06-21 00:00:00</subfield>
    <subfield code="t">1</subfield>
    <subfield code="v">1495.00</subfield>
    <subfield code="y">EN</subfield>
    <subfield code="z">V-6C</subfield>
  </datafield>
  <datafield tag="952" ind1=" " ind2=" ">
    <subfield code="0">0</subfield>
    <subfield code="1">0</subfield>
    <subfield code="3">V-6C</subfield>
    <subfield code="4">0</subfield>
    <subfield code="7">0</subfield>
    <subfield code="8">NFIC</subfield>
    <subfield code="a">BL4</subfield>
    <subfield code="b">BL4</subfield>
    <subfield code="d">2011-06-21</subfield>
    <subfield code="e">Blueberry Books/6310/11.3.11/7/4.3.11/22.3.11</subfield>
    <subfield code="g">1495.00</subfield>
    <subfield code="l">1</subfield>
    <subfield code="o">343.7 CHA</subfield>
    <subfield code="p">B-424442</subfield>
    <subfield code="r">2021-09-06 00:00:00</subfield>
    <subfield code="s">2021-08-24</subfield>
    <subfield code="t">1</subfield>
    <subfield code="v">1495.00</subfield>
    <subfield code="y">EN</subfield>
    <subfield code="z">V-6C</subfield>
  </datafield>
  <datafield tag="952" ind1=" " ind2=" ">
    <subfield code="0">0</subfield>
    <subfield code="1">0</subfield>
    <subfield code="3">V-6C</subfield>
    <subfield code="4">0</subfield>
    <subfield code="7">0</subfield>
    <subfield code="8">NFIC</subfield>
    <subfield code="a">YV</subfield>
    <subfield code="b">YV</subfield>
    <subfield code="d">2011-06-21</subfield>
    <subfield code="e">Blueberry Books/6310/11.3.11/7/4.3.11/22.3.11</subfield>
    <subfield code="g">1495.00</subfield>
    <subfield code="l">0</subfield>
    <subfield code="o">343.7 CHA</subfield>
    <subfield code="p">B-424443</subfield>
    <subfield code="r">2011-06-21 00:00:00</subfield>
    <subfield code="t">1</subfield>
    <subfield code="v">1495.00</subfield>
    <subfield code="y">EN</subfield>
    <subfield code="z">V-6C</subfield>
  </datafield>
  <datafield tag="952" ind1=" " ind2=" ">
    <subfield code="0">0</subfield>
    <subfield code="1">0</subfield>
    <subfield code="3">V-6C</subfield>
    <subfield code="4">0</subfield>
    <subfield code="7">0</subfield>
    <subfield code="8">NFIC</subfield>
    <subfield code="a">RC4</subfield>
    <subfield code="b">RC4</subfield>
    <subfield code="d">2011-06-21</subfield>
    <subfield code="e">Blueberry Books/6310/11.3.11/7/4.3.11/22.3.11</subfield>
    <subfield code="g">1495.00</subfield>
    <subfield code="l">2</subfield>
    <subfield code="m">4</subfield>
    <subfield code="o">343.7 CHA</subfield>
    <subfield code="p">B-424444</subfield>
    <subfield code="r">2023-11-09 00:00:00</subfield>
    <subfield code="s">2023-09-25</subfield>
    <subfield code="t">2</subfield>
    <subfield code="v">1495.00</subfield>
    <subfield code="y">EN</subfield>
    <subfield code="z">V-6C</subfield>
  </datafield>
  <datafield tag="952" ind1=" " ind2=" ">
    <subfield code="0">0</subfield>
    <subfield code="1">0</subfield>
    <subfield code="3">V-6C</subfield>
    <subfield code="4">0</subfield>
    <subfield code="7">0</subfield>
    <subfield code="8">NFIC</subfield>
    <subfield code="a">RC4</subfield>
    <subfield code="b">RC4</subfield>
    <subfield code="d">2011-06-21</subfield>
    <subfield code="e">Blueberry Books/6310/11.3.11/7/4.3.11/22.3.11</subfield>
    <subfield code="g">1495.00</subfield>
    <subfield code="l">1</subfield>
    <subfield code="m">1</subfield>
    <subfield code="o">343.7 CHA</subfield>
    <subfield code="p">B-424445</subfield>
    <subfield code="r">2021-03-27 00:00:00</subfield>
    <subfield code="s">2021-03-12</subfield>
    <subfield code="t">2</subfield>
    <subfield code="v">1495.00</subfield>
    <subfield code="y">EN</subfield>
    <subfield code="z">V-6C</subfield>
  </datafield>
</record>
